Spy X Family: Les personnages - Statistiques

Statistiques générales
  • Ce quiz a été pris 575 fois
  • Le résultat moyen est 9 sur 15
Statistiques - réponses
Indice Réponse % Correct
Petite fille télépathe Anya Forger
98%
Père de famille, agent secret Loid Forger / Twilight
98%
Mère de famille, tueuse à gage Yor Forger / Princesse Ibara
96%
Chien pouvant voir l'avenir Bond
92%
Fils de l'homme politique Damian Desmond
78%
Frère de la tueuse à gage, travaille pour la police secrète Yuri Briar
78%
Meilleure amie de la téléphate Becky Blackbell
68%
L'informateur pour WISE Franky Franklin
56%
Agent secret dans un dessin animé Bondman
54%
Homme politique à la tête du parti "Nation Unifiée" Donovan Desmond
54%
Agent secret qui crush sur le héros Fiona Frost
43%
Ami du fils de l'homme politique Emile Elman
34%
Ami du fils de l'homme politique Ewen Egeburg
32%
Supérieure de l'agent secret Sylvia Sherwood
31%
Directeur de l'Ecole Eden Henry Henderson
30%
Aucun quiz correspondant
Distribution des résultats
% des personnes avec chaque résultat
Percentile par nombre de réponses
Votre historique - résultats
Vous n’avez pas pris ce quiz